Polskie miasta na zdjęciach #2 - Statystyki

Ogólne statystyki
  • Ten quiz został rozwiązany 60 razy
  • Średni wynik to 5 z 8
Statystyki odpowiedzi
Obrazkowy Odpowiedź % Poprawnych
Katowice
93%
Sopot
89%
Częstochowa
72%
Warszawa
59%
Sandomierz
57%
Łódź
50%
Gliwice
37%
Wałbrzych
30%
Nie znaleziono quizów pasujących do podanych kryteriów
Rozkład punktacji
Procent ludzi z każdym wynikiem
Percentyl według liczby udzielonych odpowiedzi
Twoja historia wyników
Nie rozwiązałeś tego quizu